Qui suis-je - Naruto - Statistiques

Statistiques générales
  • Ce quiz a été pris 69 fois
  • Le résultat moyen est 13 sur 20
Statistiques - réponses
Groupe # Catégorie % Correct
Vert 392 Je suis un Ninja (Shinobi ou Kunoichi)
98%
Vert 186 ... qui n'est PAS originaire du village de Konoha
94%
Orange 350 Je suis un homme (Sexe masculin)
88%
Vert 9 ... qui est (ou a été) Jinchuriki (Hôte d'un Démon à Queues)
85%
Bleu 168 Je suis une femme (Sexe féminin)
85%
Bleu 14 ... qui porte un bandeau frontal de ninja (Hitai-ate)
83%
Orange 95 ... utilisant principalement une arme
79%
Vert 3 ... ayant atteint le rang de Kage de son village
75%
Vert 1 ... et manipule le Sable Gaara
73%
Orange 35 ... qui n'est PAS originaire du village de Konoha
67%
Violet 312 Je suis est un homme ninja (Shinobi)
67%
Violet 22 ... qui n'est PAS originaire du village de Konoha
67%
Orange 3 ... faisant partie de l'organisation Akatsuki
65%
Bleu 4 ... qui n'est PAS originaire de Konoha
63%
Orange 1 ... et est surnommé le "Bijū sans queue" Kisame
62%
Violet 9 ... faisant partie des Sept Épéistes de la Brume
58%
Violet 2 ... ressuscité par Kabuto via l'Edo Tensei durant la 4ème Guerre
46%
Bleu 3 ... utilisatrice de Kenjutsu (Sabre/Épée)
15%
Violet 1 ... possédant l'épée explosive Shibuki Jinpachi Munashi
13%
Bleu 1 ... élève de Killer Bee Karui
12%
Aucun quiz correspondant
Distribution des résultats
% des personnes avec chaque résultat
Percentile par nombre de réponses
Votre historique - résultats
Vous n’avez pas pris ce quiz